[Event "5th Nebesna Sotnya Blitz 2018"]
[Site "Lutsk"]
[Date "2018.02.16"]
[Round "11"]
[White "Peng, Li Min"]
[Black "Razin, Vadim"]
[Result "0-1"]
[WhiteElo "2320"]
[BlackElo "2379"]
[Annotator "TA"]
[PlyCount "132"]
[EventDate "2018.??.??"]
[EventType "swiss"]
[EventCountry "UKR"]
[SourceTitle "playchess.com"]
[Source "ChessBase"]
[SourceQuality "1"]

{[%evp 19,132,16,25,34,31,25,24,6,15,-12,16,1,47,22,22,13,22,-36,-32,-9,-18,0,0,0,0,0,0,0,0,0,0,-177,-40,-94,-113,-314,-227,-225,-82,-131,0,7,25,25,29,25,22,-100,-97,-824,0,0,0,0,252,262,316,316,316,316,316,262,316,316,316,316,308,308,302,294,391,349,453,453,543,512,476,466,438,32,32,0,0,0,0,-8,0,-57,-48,-48,-48,-137,-137,-137,-137,-29969,-29970,-29968,-29971,-29970,-29972,-29972,-29973,-29973,-29974,-29974,-29975,-29975,-29976,-29976,-29977,-29977,-29976,-29992,-29993]} 1. e4 e6 2. d4 d5 3. exd5 exd5 4. Nf3 Nf6 5. Bd3 c5 {[%cal Bc7c5,Bc5c4][%mdl 32]} 6. O-O c4 7. Re1+ Be7 8. Bf1 O-O {C01: French: Exchange Variation} 9. b3 (9. Bg5) 9... cxb3 10. axb3 Bg4 {LiveBook: 3 Games. The position is equal.} 11. h3 Bh5 12. g4 Bg6 13. Ne5 Nc6 $146 ({Predecessor:} 13... Qc7 14. Na3 a6 15. Bf4 Bd6 16. Nb5 axb5 17. Rxa8 Bxc2 {1-0 (25) Bliumberg,V (2360)-Bruch,I (2295) Schwaebisch Gmuend 1994}) 14. Bg2 Re8 15. Bb2 a6 16. Nd2 {[%cal Bb1d2,Bd2f3,Bf3e5][%mdl 32]} Rc8 17. c4 Bb4 18. Nxc6 ({White should try} 18. Re2 $11) 18... Rxe1+ $15 19. Qxe1 Rxc6 20. Qd1 Re6 21. Nf3 h5 22. Ne5 hxg4 23. hxg4 Be4 24. f3 Bh7 25. Bh3 $2 (25. Qe2 $11 {and White stays safe.}) 25... Re8 (25... dxc4 $19 26. bxc4 Nd7) 26. Qf1 ({White should play} 26. Bg2 $1 $15) 26... Nd7 $17 27. Rd1 $2 (27. Qf2 $17 {was necessary.}) 27... Nxe5 28. dxe5 {[#]} Qb6+ (28... d4 $1 $19 {[%mdl 512] is more deadly.} 29. Qe2 (29. Bxd4 Bc2) 29... Bc5) 29. Kg2 dxc4 (29... Qe3 $17 30. Rxd5 Qxb3) 30. Qxc4 $11 Bf8 31. Rd7 $36 {[%mdl 2048] Black is under pressure.} Bg6 32. Bd4 Qa5 33. Bf2 (33. Rxb7 $11 {remains equal.} Qd2+ 34. Kg3) 33... Qxe5 $17 34. Rxb7 $2 {[%mdl 8192]} (34. Qd4 $17) 34... Qe2 $2 (34... Bd6 $19 35. Kf1 Qh2) 35. Qxe2 $11 Rxe2 36. Kf1 Rb2 $2 {[%mdl 8192]} (36... Rc2 $11 {and Black has nothing to worry.}) 37. Rb8 $18 Rc2 38. b4 Bd3+ 39. Kg1 Rc1+ 40. Kh2 Rc2 41. Kg3 g5 {intending ...Kg7.} 42. Bc5 Rxc5 43. bxc5 {[%mdl 4096] Endgame KRB-KB} Kg7 44. Rc8 Bb5 45. f4 gxf4+ 46. Kxf4 Bd7 47. Rc7 Be6 48. Bg2 a5 49. g5 $2 (49. Ke5 $18 Kg6 50. Be4+ Kg5 51. Bf5) 49... a4 $14 50. Ke3 {Strongly threatening Kd4.} a3 {White must now prevent ...a2.} 51. Kd4 {Bd5 is the strong threat.} Kg6 (51... a2 $5 52. Ra7 $8 Kg6 $11) 52. Ra7 a2 {And now ...Bg7+ would win.} 53. c6 (53. Bd5 $11 Bg7+ 54. Ke4) 53... Bg7+ 54. Kc5 a1=Q ({Reject} 54... Kxg5 55. Bd5 $11) 55. Be4+ (55. Rxa1 $15 Bxa1 56. Kb6) 55... Kxg5 $17 {( -> ...Bd4+)} 56. Rxa1 Bxa1 57. c7 $2 {[%mdl 8192]} (57. Kb6 $17) 57... Be5 {Black mates.} 58. Kb6 {[#]} Bc8 $1 59. Kc6 f5 {[%cal Bf7f5,Bf5f4,Bf4f3,Bf3f2][%mdl 32]} 60. Bd3 f4 61. Kb6 f3 62. Kc6 f2 63. Bf1 Kf4 64. Kb6 Ke3 65. Bb5 Kd2 66. Ba6 Bxa6 {Precision: White = 27%, Black = 61%.} 0-1

[Event "5th Nebesna Sotnya Blitz 2018"]
[Site "Lutsk"]
[Date "2018.02.16"]
[Round "11"]
[White "Snigurov, Maxim"]
[Black "Grekh, Andrey"]
[Result "1-0"]
[WhiteElo "2068"]
[BlackElo "2400"]
[Annotator "TA"]
[PlyCount "119"]
[EventDate "2018.??.??"]
[EventType "swiss"]
[EventCountry "UKR"]
[SourceTitle "playchess.com"]
[Source "ChessBase"]
[SourceQuality "1"]

{[%evp 10,119,0,-2,11,15,15,0,16,6,22,-12,-16,-15,22,10,12,-4,5,-4,4,-62,-22,-18,7,-48,-47,-31,0,-116,-115,-119,-110,-145,-131,-164,-80,-65,-46,-64,-46,-53,-39,-85,-50,-57,-67,-76,157,177,222,159,260,261,368,170,154,102,111,81,231,175,379,356,397,312,393,250,680,292,282,0,64,0,0,0,0,0,0,-97,233,232,240,228,575,486,12831,1383,6410,2792,1872,1855,1052,0,654,238,1129,720,12837,12832,12838,12834,1322,6506,12839,12839,12840,12840,12844,12843,29995,29996]} 1. e4 c5 {[%cal Bc7c5,Bc5b4][%mdl 32]} 2. b4 cxb4 3. a3 e6 4. Nf3 Nc6 5. d4 d5 6. e5 {LiveBook: 50 Games} Qb6 {C00: French: Unusual White 2nd moves} (6... a6 7. axb4 Bxb4+ 8. c3 Bf8 9. Bd3 Nge7 10. h4 Bd7 11. h5 h6 12. O-O Nf5 13. g4 Nh4 14. Nh2 {1-0 (35) Zvjaginsev,V (2642)-Akopian,V (2678) Rijeka 2010}) 7. axb4 Bxb4+ 8. c3 Be7 {The position is equal.} 9. Bd3 a6 $146 ({Predecessor:} 9... Bd7 10. O-O Na5 11. Na3 Rc8 12. Rb1 Qd8 13. Qc2 h5 14. Ne1 {0-1 (35) Panko,R (2030)-Varga,L (2107) Slovakia 2017}) 10. Ba3 Bd7 11. O-O Nh6 (11... Na7 {with more complications.} 12. Re1 Rc8 13. Bc1 h5 14. Bg5 Bb5) 12. Bxe7 Nxe7 13. Nbd2 Nhf5 14. Rb1 Qc7 15. c4 (15. Qe2 $11) 15... O-O 16. c5 Rfb8 17. Rb6 (17. g4 $11 Nh6 18. h3) 17... Nc8 $15 18. Bxf5 exf5 (18... h6 {feels hotter.} 19. Bd3 Nxb6 20. cxb6 Qxb6 21. Qe2 Bb5) 19. Rb1 (19. Ng5 $1 $11 Bc6 20. Rb3) 19... b5 20. cxb6 Nxb6 21. Rc1 Qd8 22. Qb3 Bb5 (22... a5 $19 23. Qa3 a4) 23. Rfe1 $17 Nc4 24. Nxc4 Bxc4 25. Qe3 Rb6 26. Qf4 Bd3 27. Nh4 {[%cal Bf3h4,Bh4f5,Bf5e3][%mdl 32]} g5 28. Qg3 Rb3 $2 {[#]} (28... Be4 $17 29. f3 Kh8 30. fxe4 gxh4) 29. Nxf5 $1 $16 {[%mdl 512] Strongly threatening e6.} Bc2 (29... Bxf5 30. Qxb3) 30. Re3 Rxe3 (30... Rab8 $16) 31. Nxe3 $18 Be4 (31... Bg6 {is a better defense.} 32. e6 Qf6) 32. f3 (32. Ng4 $142) 32... Bg6 33. Ng4 ({White should try} 33. f4) 33... Kg7 $16 34. Nf6 h6 (34... Qb6 $16 {was necessary.}) 35. h4 gxh4 $2 (35... Qa5 {was called for.}) 36. Qxh4 $18 Rc8 37. Re1 Rb8 38. f4 Qc8 $2 (38... Qb6 39. f5 (39. Nxd5 Qxd4+ 40. Ne3 Rb1 $17) 39... Bxf5 40. Nxd5 Qe6) 39. Ng4 (39. e6 $142) 39... h5 40. Qf6+ $2 (40. Ne3 $18) 40... Kh7 $14 41. Ne3 (41. e6 $1 $14 Qc3 42. Qh4 Qxd4+ 43. Kh1) 41... Qc3 $11 42. Re2 $40 {[%mdl 128] And now f5 would win. White mounts an attack.} Rb1+ 43. Kf2 {e6 is the strong threat.} Qxd4 44. g3 {[#]} (44. Qg5 $1 $11 {was the only way to keep the balance.} Kg7 45. Qf6+ Kh7 46. Qg5) 44... Rb2 $2 {[%mdl 8192]} (44... Rb6 $1 $17 {[%cal Rb6f6] keeps the pressure on.} 45. Qh4 Be4) 45. f5 $18 Rxe2+ 46. Kxe2 Qb2+ $2 (46... Qe4 {is a better chance.} 47. fxg6+ fxg6 48. Qf7+ Kh8 49. Qxd5 Qxd5 50. Nxd5 Kg7) 47. Kf3 d4 (47... Qb7 $142 48. fxg6+ fxg6) 48. fxg6+ fxg6 49. Qf7+ Kh6 50. Qf8+ Kh7 51. Qf7+ Kh6 52. Qf4+ $2 (52. Nd5 {White wants to mate with Qf8+.} Qc1 53. Qf8+ Kg5 54. Qf6+ Kh6 55. e6 Qd1+ 56. Ke4 Qe2+ 57. Kxd4 Qd2+ 58. Kc5 Qc1+ 59. Kb6 Qg1+ 60. Kxa6 Qxg3 61. Qh8+ Kg5 62. Qd8+ Kh6 63. e7 Qd3+ 64. Kb7 Qb3+ 65. Kc8 Qh3+ 66. Qd7) 52... Kg7 $2 (52... Kh7) 53. Nd5 {Qf6+ would kill now.} Qb3+ 54. Ke4 Qc2+ 55. Kxd4 Qa4+ 56. Kc5 Qb5+ 57. Kd6 Qb8+ 58. Nc7 Qd8+ 59. Kc6 a5 60. Ne6+ {Precision: White = 43%, Black = 28%.} 1-0

[Event "5th Nebesna Sotnya Blitz 2018"]
[Site "Lutsk"]
[Date "2018.02.16"]
[Round "12"]
[White "Bernadskiy, Vitaliy"]
[Black "Bogdanovich, Stanislav"]
[Result "1-0"]
[WhiteElo "2588"]
[BlackElo "2560"]
[Annotator "TA"]
[PlyCount "91"]
[EventDate "2018.??.??"]
[EventType "swiss"]
[EventCountry "UKR"]
[SourceTitle "playchess.com"]
[Source "ChessBase"]
[SourceQuality "1"]

{[%evp 14,91,23,30,73,81,112,104,108,98,111,114,108,114,116,112,102,100,139,139,131,131,143,128,134,138,196,188,175,140,140,139,137,128,150,155,171,161,193,201,198,202,289,285,317,318,347,344,347,343,427,428,435,475,481,473,531,547,543,540,485,439,741,727,1636,1499,1973,1819,11481,9035,7645,9693,5597,2629,29978,7228,29981,29982,29982,29983]} 1. c4 c5 2. Nf3 Nf6 3. Nc3 Nc6 4. g3 e6 5. Bg2 Be7 6. O-O d5 7. cxd5 Nxd5 8. d4 {LiveBook: 723 Games} Nf6 {[%cal Rc5d4] A34: Symmetrical English: 2 Nc3, lines with ...d5} (8... O-O 9. e4 Ndb4 10. d5 exd5 11. exd5 Nd4 12. Nxd4 cxd4 13. Nb5 Nxd5 14. Nxd4 Bf6 15. Re1 Nb4 16. Be3 Nd5 17. Bc1 Nb4 18. Be3 Nd5 19. Bc1 Nb4 {½-½ (19) Van Wely,L (2646)-Ragger,M (2656) Linares 2017}) 9. dxc5 Qa5 10. Nd2 $146 ({Predecessor:} 10. a3 Qxc5 11. Be3 Qh5 12. Qa4 O-O 13. h3 e5 14. g4 Bxg4 15. hxg4 Nxg4 16. Rfd1 Nxe3 17. fxe3 Bc5 18. Kf2 f5 19. Qc4+ {1-0 (19) Telljohann,S-Hacker,C Muenster 1988}) 10... Qxc5 {White is better.} 11. Nde4 Qd4 12. Be3 Qxd1 13. Rfxd1 O-O 14. Bc5 Bxc5 15. Nxc5 Rb8 16. Bxc6 bxc6 17. b3 Re8 18. Rac1 Kf8 19. Rd6 Bb7 (19... Nd5 $16 20. e4 (20. Rxc6 Rb6 $16) 20... Ke7) 20. e4 $18 e5 21. Nxb7 Rxb7 22. Rxc6 Rd8 23. Rc5 Re7 24. Kf1 g6 25. Ke2 Kg7 26. f3 h5 27. h4 Red7 (27... Ne8 $142 28. Nd5 Rb7) 28. Rd1 ({Inferior is} 28. Rxe5 Rd2+ 29. Ke1 R8d3 $11) 28... Rxd1 29. Nxd1 {[%mdl 4096] Endgame KRN-KRN} Re8 30. Ne3 Re6 31. Nc4 Nd7 32. Rc7 Nb8 33. Rxa7 Nc6 34. Rd7 Nd4+ 35. Ke3 Nc2+ 36. Kd2 Nd4 37. Nxe5 Nb5 (37... Nxb3+ $142 38. axb3 Rxe5) 38. Nxf7 Kf6 39. Ng5 {[#] Intending Nh7+ and mate.} Ra6 40. f4 {[%csl Gg5][%cal Rd7f7]} Rxa2+ 41. Ke3 {[%csl Gg5][%cal Rd7f7]} Ra7 42. Rxa7 Nxa7 43. Kd4 Nc6+ 44. Kc5 (44. Kd5 $142 Na7 45. Kd6 Kg7 46. Kd7 Nb5 47. e5 Nc3 48. e6 Nd5 49. e7) 44... Na5 45. b4 Nb3+ 46. Kd5 {Precision: White = 94%, Black = 22%.} 1-0

[Event "5th Nebesna Sotnya Blitz 2018"]
[Site "Lutsk"]
[Date "2018.02.16"]
[Round "12"]
[White "Vetoshko, Volodymyr"]
[Black "Terletsky, Oleg"]
[Result "1-0"]
[WhiteElo "2520"]
[BlackElo "2406"]
[Annotator "TA"]
[PlyCount "75"]
[EventDate "2018.??.??"]
[EventType "swiss"]
[EventCountry "UKR"]
[SourceTitle "playchess.com"]
[Source "ChessBase"]
[SourceQuality "1"]

{[%evp 33,75,14,9,10,18,12,14,0,0,0,0,-93,-64,-94,-44,-35,-23,-120,-113,-107,-93,-227,-187,-229,-251,-245,-228,-164,81,-48,-51,-37,288,283,889,880,1548,943,5554,5539,5194,3840,4921,2654]} 1. e4 e5 2. Nf3 Nc6 3. Bb5 a6 4. Ba4 Nf6 5. O-O Be7 6. Re1 b5 7. Bb3 d6 8. c3 O-O 9. h3 Bb7 10. d4 Re8 11. Ng5 Rf8 12. Nf3 Re8 13. Nbd2 {[%cal Bb1d2,Bd2b3,Bb3a5][%mdl 32]} Bf8 14. a3 h6 15. Bc2 Nb8 16. b4 Nbd7 17. Bb2 c6 {LiveBook: 4 Games. C93: Closed Ruy Lopez: Smyslov Variation} (17... g6 18. Rc1 c6 19. Nb3 Rc8 20. Bb1 Qb6 21. c4 exd4 22. c5 dxc5 23. bxc5 Qc7 24. Bxd4 Bg7 25. e5 Nd5 {1-0 (47) Vidit,S (2721)-Sadzikowski,D (2587) Hungary 2017}) 18. Nb3 Rc8 19. a4 Qc7 {The position is equal.} 20. Na5 Ba8 21. axb5 axb5 22. Bb3 $146 {[#]} (22. Bb1 $11) ({Predecessor:} 22. Re2 d5 23. exd5 Nxd5 24. Qe1 Nf4 25. Re3 Nd5 26. Re2 Nf4 {½-½ (24) Lovakovic,F (2385)-Langer,R (2317) ICCF email 2015}) 22... exd4 $1 $17 23. Nxd4 ({Don't play} 23. Qxd4 c5 $17) 23... Rxe4 24. Rxe4 Nxe4 25. c4 (25. Naxc6 $11 {keeps the balance.} Bxc6 26. Nxc6 Qxc6 27. Bd5 Nxc3 28. Bxc6 Nxd1 29. Bxd7) 25... bxc4 26. Bxc4 d5 27. Ba6 (27. Bd3 $17) 27... Rb8 $19 {And now ...c5 would win.} ({Stronger than} 27... Bxb4 28. Bxc8 Qxc8 29. Nf5 $16) 28. b5 {[%cal Rd4c6]} Bd6 29. Naxc6 Bh2+ 30. Kf1 Qf4 $2 {[#]} (30... Bxc6 $1 $19 31. Nxc6 Re8) 31. Nf3 ({White has to play} 31. Ne7+ $1 $16 Kh8 32. Nf3) 31... Bxc6 $1 $15 32. Qd4 {[%csl Gb2][%cal Rd4g7]} f6 $2 {[%mdl 8192]} (32... Bxb5+ $15 {stays ahead.} 33. Bxb5 Qf6 34. Qxf6 Ndxf6) 33. bxc6 $18 Ne5 $2 (33... Nb6 34. Bd3 (34. Bb7 Re8 $16) 34... Qc7 35. Nxh2 Qxh2) 34. Qxd5+ {White is clearly winning.} Kh8 35. Bxe5 fxe5 36. c7 Rf8 37. c8=Q {White threatens Qxf8+! and mate.} Rxc8 38. Bxc8 {Precision: White = 38%, Black = 37%.} 1-0

[Event "5th Nebesna Sotnya Blitz 2018"]
[Site "Lutsk"]
[Date "2018.02.16"]
[Round "12"]
[White "Simantsev, Mikhail"]
[Black "Snigurov, Maxim"]
[Result "1/2-1/2"]
[WhiteElo "2486"]
[BlackElo "2068"]
[Annotator "TA"]
[PlyCount "35"]
[EventDate "2018.??.??"]
[EventType "swiss"]
[EventCountry "UKR"]
[SourceTitle "playchess.com"]
[Source "ChessBase"]
[SourceQuality "1"]

{[%evp 13,35,11,14,14,49,55,45,50,56,38,40,44,34,70,74,24,25,32,17,30,27,34,32,-291]} 1. d4 Nf6 2. c4 e6 3. Nf3 d5 4. e3 Be7 5. Bd3 a6 (5... dxc4 6. Bxc4 c5 7. O-O cxd4 8. exd4 O-O 9. Nc3 Nc6 10. Re1 b6 11. a3 Bb7 12. Ba2 Qd7 13. Be3 Rad8 14. Qe2 Qc8 15. Rad1 Qa8 16. d5 exd5 17. Nxd5 Nxd5 18. Bxd5 Bf6 19. h4 h6 {0-1 (39) Halkias,S (2571)-Meier,G (2650) Riadh 2017}) 6. O-O {D30: Queen's Gambit Declined: Systems without Nc3} dxc4 7. Bxc4 b5 {LiveBook: 3 Games} 8. Be2 {The position is equal.} c5 9. dxc5 Qxd1 10. Rxd1 Bxc5 11. a4 $146 ({Find the theoretical novelty and annotate with similar games:} 11. a3 O-O 12. b4 Be7 13. Bb2 Bb7 14. Nbd2 Nbd7 15. Nb3 Rac8 16. Rac1 Bd5 17. Nbd4 Nb6 18. Nd2 Rfd8 19. f3 Bb7 20. e4 Ne8 21. N4b3 Na4 22. Be5 Bg5 {½-½ (54) Grigorian,R (2132)-Pantin,K (1896) Limoges 2014}) 11... b4 12. Nbd2 {[%cal Bb1d2,Bd2b3,Bb3d4][%mdl 32]} Bb7 13. Nb3 Be7 14. Ne5 Nbd7 15. Nxd7 Nxd7 16. Bd2 Bd5 17. Nd4 Ne5 18. Bxb4 $2 {[%mdl 40960] An unexpected result.} (18. Rdc1 $14 {stays ahead.}) 1/2-1/2

[Event "5th Nebesna Sotnya Blitz 2018"]
[Site "Lutsk"]
[Date "2018.02.16"]
[Round "12"]
[White "Bortnyk, Mykola"]
[Black "Golubka, Petro"]
[Result "1/2-1/2"]
[WhiteElo "2432"]
[BlackElo "2503"]
[Annotator "TA"]
[PlyCount "166"]
[EventDate "2018.??.??"]
[EventType "swiss"]
[EventCountry "UKR"]
[SourceTitle "playchess.com"]
[Source "ChessBase"]
[SourceQuality "1"]

{[%evp 21,166,20,14,13,8,-14,0,0,4,0,0,0,0,-6,267,0,0,-113,1092,-133,0,-152,0,-130,0,-176,-121,-131,-102,-133,-133,-116,-117,-185,-189,-149,-8,-8,-4,-8,-8,-8,-8,-21,-19,-19,-5,-5,0,0,0,0,0,0,0,0,0,0,0,-544,0,0,0,-9,0,0,0,0,0,0,0,0,0,0,0,0,0,0,0,0,0,0,0,0,0,0,0,0,0,0,0,0,0,0,0,0,0,0,0,0,0,0,0,0,0,0,0,0,0,0,0,0,0,0,0,0,0,0,0,0,0,0,0,0,0,0,0,0,0,0,0,0,0,0,0,0,0,0,0,0,0,0,0,0,0,0,0]} 1. e4 c6 2. d4 d5 3. exd5 cxd5 4. c4 Nf6 5. Nc3 e6 6. Nf3 Bb4 7. cxd5 Nxd5 8. Bd2 Nc6 9. Bd3 O-O 10. O-O Nf6 11. Be3 {B14: Caro-Kann: Panov-Botvinnik Attack with 5...e6 and 5...g6} b6 {LiveBook: 7 Games} (11... Bxc3 12. bxc3 b6 13. Bg5 Bb7 14. Re1 Rc8 15. Rc1 Ne7 16. Ne5 Ng6 17. Bxg6 hxg6 {0-1 (38) Lagarde,M (2598)-Fridman,D (2625) Paris 2017}) 12. Ne4 Nd5 $146 ({Predecessor:} 12... Ng4 13. Neg5 Nf6 14. Qc2 Bb7 15. Nxh7 Nxh7 16. Bxh7+ Kh8 17. Be4 Rc8 18. Qa4 Bd6 {1-0 (30) Klokow,J (1767)-Green,J (1741) Winnipeg 2006}) 13. Qe2 Bb7 14. Rad1 Be7 15. Bb1 Nxe3 16. fxe3 Nb4 {Hoping for ...Ba6.} 17. Qf2 Nxa2 $2 {[%mdl 8192]} (17... Nd5 $11) 18. Ne5 $2 (18. d5 $1 $18) 18... Nb4 $1 $36 {[%mdl 2048] Black has good play.} 19. Qg3 (19. d5 $11 Bxd5 20. Nxf7) 19... f6 $2 {[%mdl 8192] [#]} (19... Ba6 $17 20. Rf3 Bb7) 20. Nf3 $2 (20. Ng5 $1 $18 {[%mdl 512]} fxg5 21. Qh3) 20... Nd5 {[#]} (20... Rc8 $17 21. Qh3 f5) 21. Rde1 $2 (21. Neg5 $1 $11 {[%mdl 512]} fxg5 22. Bxh7+ $1 {[%mdl 512]} Kxh7 23. Qh3+ Kg8 24. Qxe6+ Kh8 25. Qh3+ Kg8 26. Qe6+ Kh8 27. Qh3+ Kg8 28. Qe6+) 21... Ba6 $2 {[#]} (21... Bb4 $17 22. Ned2 Qd7) 22. Rf2 (22. Neg5 $1 $11 {[%mdl 512] was the only way to keep the balance.} fxg5 23. Bxh7+ $1 {[%mdl 512]} Kxh7 24. Qh3+ Kg8 25. Qxe6+ Kh8 26. Qh3+ Kg8 27. Qe6+ Kh8 28. Qh3+ Kg8 29. Qe6+) 22... Rc8 {[#]} ({Better is} 22... Qd7 $17 23. Qh3 h6) 23. Kh1 $2 (23. Neg5 $1 $11 {[%mdl 512]} fxg5 {[#]} 24. Bxh7+ $1 {[%mdl 512]} Kxh7 25. Qh3+ Kg8 26. Qxe6+ Kh7 27. Qh3+ Kg8 28. Qe6+ Kh8 29. Qh3+ Kg8 30. Qe6+) 23... Nb4 (23... Qd7 $19 24. Ned2 Bb5) 24. Rd2 $17 Bb7 25. Nc3 Nd5 26. Qh3 f5 27. e4 (27. Nxd5 $17 {was called for.} Bxd5 28. e4 Bxe4 29. Bxe4 fxe4 30. Qxe6+ Kh8 31. Ne5) 27... Nxc3 $19 28. bxc3 Bxe4 ({Black should play} 28... Rxc3 $17 {White must now prevent ...Bb4.} 29. exf5 exf5 30. Bxf5 g6) 29. Bxe4 $11 fxe4 30. Qxe6+ Kh8 31. Qxe4 Bf6 32. Qd3 Qc7 33. Rc2 a5 34. c4 Rfd8 35. d5 a4 36. h3 Qc5 37. Rce2 a3 38. d6 {aiming for d7.} a2 39. d7 a1=Q 40. dxc8=Q $4 {[%mdl 8192]} (40. Rxa1 $11 {and White has nothing to worry.} Bxa1 41. dxc8=N Qxc8 42. Qb1) 40... Qxe1+ $2 (40... Qxc8 $19 41. Qe3 Qaa8 42. Qxb6 Qxc4) 41. Rxe1 {Intending Re8+ and mate.The position is equal.} Rxc8 42. Qd7 {White threatens Re8+ and mate.} h6 43. Re8+ Rxe8 44. Qxe8+ Kh7 45. Qe4+ Kh8 46. Kh2 Kg8 47. Kg3 Kf7 48. Qb7+ Kg6 49. Qe4+ Kf7 50. h4 Qd6+ 51. Kf2 Qc5+ 52. Kf1 Qd6 53. h5 Kf8 54. Ke2 Qc5 55. g4 Kf7 56. Nd2 Qe7 57. Kd3 Qd6+ 58. Ke2 Qh2+ 59. Kd3 Qd6+ 60. Qd5+ Ke7 61. Ne4 Qb4 62. Qb7+ (62. Ke2 {is more complex.} Qb2+ 63. Kf3 Qc1 64. Qd6+ Kf7 65. Qd7+) 62... Kf8 63. Nxf6 (63. Qc8+ {keeps more tension.} Ke7 64. Qc7+ Ke6 65. Qc6+ Ke7 66. Qd5) 63... gxf6 {[%mdl 4096] Endgame KQ-KQ} 64. Qc8+ Ke7 65. Qc7+ Ke6 66. Qc6+ Ke7 67. Qe4+ Kf8 68. Qa8+ Ke7 69. Qb7+ Kf8 70. Qc8+ Ke7 71. Qc7+ Kf8 72. Ke4 (72. Qd8+ {feels hotter.} Kf7 73. Qd7+ Qe7 74. Qd4 Qa3+ 75. Ke2) 72... Qe7+ 73. Qxe7+ Kxe7 {K3P-K3P} 74. Kd5 {And now Kc6 would win.} Kd7 75. c5 bxc5 76. Kxc5 {KPP-KPP} Ke6 {...Ke5 is the strong threat.} 77. Kd4 f5 78. gxf5+ Kxf5 {KP-KP} 79. Ke3 Kg5 80. Kf3 Kxh5 81. Kg3 {[%cal Bf3g3,Bg3h3,Bh3h2][%mdl 32]} Kg5 82. Kh3 h5 83. Kh2 Kg4 {Precision: White = 59%, Black = 54%.} 1/2-1/2

[Event "5th Nebesna Sotnya Blitz 2018"]
[Site "Lutsk"]
[Date "2018.02.16"]
[Round "12"]
[White "Mirzoev, Emil"]
[Black "Solovchuk, Alexey"]
[Result "1-0"]
[WhiteElo "2405"]
[BlackElo "2358"]
[Annotator "TA"]
[PlyCount "74"]
[EventDate "2018.??.??"]
[EventType "swiss"]
[EventCountry "UKR"]
[SourceTitle "playchess.com"]
[Source "ChessBase"]
[SourceQuality "1"]

{[%evp 11,74,10,28,-9,-15,-12,0,0,0,-18,-21,-26,42,-8,0,-12,-4,-6,4,2,0,-66,0,0,0,0,0,0,0,0,0,-221,-220,-224,-221,-223,-183,-192,-79,-73,-8,-3,-10,-34,-26,-60,-74,-124,-84,-111,-84,-82,-74,-110,-108,-121,0,-74,-21,-26,-29,-89,-87,-134,29976]} 1. d4 Nf6 2. c4 e6 3. Nc3 Bb4 4. e3 b6 5. Nge2 Ba6 6. Ng3 c5 {LiveBook: 31 Games} 7. Bd3 {E45: Nimzo-Indian: Rubinstein: 4...b6 5 Ne2 Ba6} Nc6 8. O-O Bxc3 $146 ({Predecessor:} 8... O-O 9. Nce2 cxd4 10. exd4 d5 11. cxd5 Bxd3 12. dxc6 Bxe2 13. Nxe2 Qc7 14. Qa4 Bd6 {0-1 (36) Estremera Panos,S (2353)-Moskalenko,V (2518) Malaga 2000}) 9. bxc3 {The position is equal.} O-O 10. Qe2 d6 11. f4 Rc8 (11... d5 $11) 12. dxc5 (12. d5 $5 Na5 13. dxe6 $11) 12... dxc5 13. e4 e5 14. Nf5 Ne8 15. Ne3 Nd6 16. Nd5 ({Better is} 16. f5 $11) 16... f6 (16... f5 $1 $15 17. fxe5 Nxe5) 17. f5 $11 Na5 {[%cal Ra6c4,Bc6a5,Ba5c4,Bc4d2][%mdl 32]} 18. Rf3 {With the idea Rh3.} ({Much weaker is} 18. Qg4 Bxc4 19. Bxc4 Naxc4 $17) 18... Bxc4 19. Bxc4 Naxc4 ({Much worse is} 19... Ndxc4 20. Rh3 $16) 20. Rh3 Qe8 21. Bd2 $2 (21. Qg4 $11 {and White has nothing to worry.}) 21... Nxd2 $19 22. Qxd2 Nxe4 23. Qe2 Ng5 24. Rg3 {White wants to play h4.} Qf7 (24... Kh8 $19 {is more deadly.} 25. c4 Nf7) 25. c4 $17 Qb7 ({Black should try} 25... h6 $17) 26. h4 $11 Nf7 {Strongly threatening ...Kh8.} 27. Nxf6+ $1 Kh8 28. Nd5 Nh6 $36 {[%mdl 2048] Black has strong initiative.} 29. Qxe5 {Threatens to win with f6.} Rxf5 30. Qc3 Qf7 31. Re1 {[#] Hoping for Re7.} Ng8 $1 32. Qe3 Rf8 33. Kh2 Rh5 (33... Nf6 $17 34. Qe7 h6) 34. Rg4 (34. Rf3 $1 $11 {keeps the balance.} Rf5 35. Ref1) 34... Nf6 (34... Nh6 $17 35. Re4 {[#]} b5 $1 {[%mdl 512]}) 35. Nxf6 $1 Qxf6 36. Qg3 (36. Qe7 $11 {remains equal.}) 36... Rf5 37. Re3 Rf4 $2 {[%mdl 8192] Precision: White = 47%, Black = 26%.} (37... Rf1 $17 38. Qe5 Qf7) 1-0